[Event "31. DSenEM2019 Gruppe 50+"]
[Site "Radebeul"]
[Date "2019.04.28"]
[Round "3.1"]
[White "Stahr, Ralf-Peter"]
[Black "Belke, Frank, Dr."]
[Result "1/2-1/2"]
[BlackElo "2283"]
[BlackTeam "Schachclub Hietzing (Wien)"]
[WhiteElo "2160"]
[WhiteTeam "Hohenleipischer SV Lok"]

1. c4 e5 2. Nc3 Nc6 3. Nf3 f5 4. d4 e4 5. Ng5 h6 6. Nh3 g5 7. e3 Bg7 8. Be2 Nf6
9. Bh5+ Nxh5 10. Qxh5+ Kf8 11. f3 exf3 12. Qxf3 d6 13. O-O Kg8 14. g4 Ne7 15.
Nd5 Nxd5 16. Qxd5+ Kh7 17. gxf5 Rf8 18. Bd2 Qe7 19. f6 Bxf6 20. Nf2 Bg7 21. b3
Rb8 22. Rae1 Bd7 23. Qg2 Bc6 24. d5 Bd7 25. Ne4 Rxf1+ 26. Rxf1 Rf8 27. Rxf8
Qxf8 28. Ng3 Be8 29. Qe2 Bg6 30. e4 Be5 31. Nf1 Qe8 32. Be3 b6 33. Kf2 Bh5 34.
Qd2 Qf7+ 35. Kg1 Qf3 36. Qg2 Qf6 37. h3 Bf3 38. Qc2 Kg7 39. Nd2 Bh5 40. Qd3 g4
41. hxg4 Bxg4 42. Qf1 Qh4 43. Qf2 Qxf2+ 44. Kxf2 Kg6 45. Nf3 Bf6 46. b4 h5 47.
c5 h4 48. cxb6 cxb6 49. Bf4 Be7 50. Nd4 h3 51. Kg3 Kh5 52. Nf3 a6 53. a3 Bd7
54. e5 dxe5 55. Nxe5 Bf5 56. Nc6 Bh4+ 57. Kf3 Bg5 58. Bh2 Kg6  1/2-1/2

[Event "31. DSenEM2019 Gruppe 50+"]
[Site "Radebeul"]
[Date "2019.04.28"]
[Round "3.3"]
[White "Metz, Hartmut"]
[Black "Köhler, Gerhard, Dr."]
[Result "1/2-1/2"]
[BlackElo "2153"]
[BlackTeam "USV Halle"]
[WhiteElo "2251"]
[WhiteTeam "SG Kuppenheim"]

1. e4 c5 2. Nf3 g6 3. d4 cxd4 4. Nxd4 Nc6 5. c4 Bg7 6. Nc2 d6 7. Be2 Qa5+ 8. Bd2
Qb6 9. Nc3 Nf6 10. O-O O-O 11. Rc1 Be6 12. b3 Rfc8 13. Nd5 Qd8 14. f3 Bd7 15.
Kh1 Nxd5 16. exd5 Nd4 17. Nxd4 Bxd4 18. Bg5 Bg7 19. Bd3 Qf8 20. Rc2 Bh6 21. Bh4
Bf4 22. Qe1 Re8 23. Re2 Qh6 24. Bg3 Bg5 25. Bf2 Bf6 26. Be3 Qg7 27. Qc1 b6 28.
Bh6 Qh8 29. Qe1 Bc3 30. Bd2 Bxd2 31. Qxd2 Qf6 32. Rfe1 Kg7 33. Re4 e5 34. dxe6
Rxe6 35. Rxe6 Bxe6 36. Be4 Rd8 37. Rd1 Qe5 38. Kg1 f5 39. Bb7 Qc5+ 40. Kh1 Rd7
41. Ba8 Rd8 42. Qb2+ Kf7 43. Bb7 b5 44. Bd5 Bxd5 45. Rxd5 Qe3 46. h3 Qe1+ 47.
Kh2 f4 48. Qd2 Qxd2 49. Rxd2 bxc4 50. bxc4 Ke6 51. h4 d5 52. Re2+ Kf6 53. cxd5
Rxd5 54. Re4 Kf5 55. Ra4 a5 56. Rc4 h6 57. Rc6 h5 58. Ra6 Rc5 59. a3 Rb5 60. a4
Rd5 61. Kg1 g5 62. Rh6 gxh4 63. Rxh5+ Ke6 64. Rh6+ Kd7 65. Ra6 Kc7 66. Kh2 Kb7
67. Re6 Rd4 68. Re4 Rb4 69. Kh3 Kc6 70. Kg4 Rb2 71. Rxf4 Rxg2+ 72. Kxh4 Kc5 73.
Re4 Rg1 74. f4 Rg2 75. Kh5 Rg1 76. Kh6 Rg2 77. Kh5 Rg1 78. Kh6 Rg2 79. f5 Kd5
80. Re8 Rg4 81. f6 Rxa4 82. f7 Rf4 83. f8=Q Rxf8 84. Rxf8 Kc4 85. Kg5 a4 86.
Kf4 a3 87. Ke3 Kc3 88. Rc8+ Kb2 89. Rb8+ Kc2 90. Ra8 Kb2 91. Kd3 a2 92. Rb8+
Kc1 93. Rc8+ Kb1 94. Kd2 a1=Q 95. Rb8+ Qb2+ 96. Rxb2+  1/2-1/2

[Event "31. DSenEM2019 Gruppe 50+"]
[Site "Radebeul"]
[Date "2019.04.28"]
[Round "3.7"]
[White "Müller, Michael"]
[Black "Proschmann, Tino"]
[Result "1-0"]
[BlackElo "2116"]
[BlackTeam "SC Großröhrsdorf"]
[EventDate "2019.??.??"]
[PlyCount "95"]
[WhiteElo "2163"]
[WhiteTeam "SC Viernheim"]

1. c4 c5 2. g3 g6 3. Bg2 Bg7 4. Nc3 Nc6 5. e3 e6 6. Nge2 Nge7 7. d4 cxd4 8. exd4
d5 9. cxd5 Nxd5 10. O-O O-O 11. Qd3 Ndb4 12. Qd2 Nxd4 13. Nxd4 Qxd4 14. Qe2 Qd3
15. Qg4 Qd4 16. Qe2 Qd3 17. Qg4 Nc6 18. Rd1 Qa6 19. Qh4 f5 20. Be3 Qa5 21. Qc4
Qb4 22. Qe2 Qe7 23. Qc4 Qb4 24. Qxb4 Nxb4 25. Bc5 Nc6 26. Bxf8 Kxf8 27. Rd2 e5
28. Bxc6 bxc6 29. Rd6 Rb8 30. Rad1 c5 31. Rd8+ Kf7 32. Nd5 e4 33. b3 Be5 34.
Ne3 Bd4 35. Nc2 Ke7 36. Nxd4 Kxd8 37. Nc6+ Kc7 38. Nxb8 Kxb8 39. Rd8 Kc7 40.
Rh8 g5 41. Rxh7+ Kb6 42. h4 gxh4 43. gxh4 f4 44. Rf7 e3 45. Rxf4 e2 46. Re4 Ba6
47. f3 Bd3 48. Kf2  1-0

[Event "31. DSenEM2019 Gruppe 50+"]
[Site "Radebeul"]
[Date "2019.04.28"]
[Round "3.8"]
[White "Schulze, Andreas"]
[Black "Lauckner, Jörg"]
[Result "1/2-1/2"]
[BlackElo "1975"]
[BlackTeam "SG Leipzig"]
[EventDate "2019.??.??"]
[PlyCount "92"]
[WhiteElo "2135"]
[WhiteTeam "TG Biberach"]

1. e4 c5 2. d3 Nc6 3. f4 g6 4. Nf3 Bg7 5. Be2 d6 6. O-O e6 7. c3 d5 8. e5 Nge7
9. d4 cxd4 10. cxd4 Qb6 11. Na3 Nf5 12. Nc2 h5 13. b3 Bd7 14. Ba3 Bf8 15. Bb2
Nb4 16. Nxb4 Bxb4 17. Qd3 a6 18. a4 Rc8 19. Rac1 O-O 20. Kh1 Be7 21. Rxc8 Rxc8
22. Rc1 Rxc1+ 23. Bxc1 Bb4 24. Bb2 Qc6 25. Ng5 b5 26. g4 hxg4 27. Bxg4 Nh6 28.
axb5 Qxb5 29. Be2 Qxd3 30. Bxd3 Bb5 31. Bxb5 axb5 32. Nf3 Nf5 33. Kg1 Ne3 34.
Bc1 Nc2 35. Bb2 Ne1 36. Nxe1 Bxe1 37. Bc1 Kg7 38. Kg2 Kh6 39. Be3 Kh5 40. Kh3
Bh4 41. Kg2 Kg4 42. h3+ Kf5 43. Kf3 Be7 44. Bd2 f6 45. exf6 Bxf6 46. Be3 Be7 
1/2-1/2

[Event "31. DSenEM2019 Gruppe 50+"]
[Site "Radebeul"]
[Date "2019.04.28"]
[Round "3.9"]
[White "Dehn, Marcus"]
[Black "Wagner, Bernd"]
[Result "1/2-1/2"]
[BlackElo "1948"]
[BlackTeam "Aufbau Bernburg"]
[EventDate "2019.??.??"]
[PlyCount "44"]
[WhiteElo "2110"]
[WhiteTeam "SV KS Braunschweig"]

1. d4 Nf6 2. Nf3 g6 3. Bf4 c5 4. c3 cxd4 5. Nxd4 a6 6. h3 Bg7 7. e3 O-O 8. Bh2
d6 9. Be2 Nc6 10. O-O Bd7 11. Nd2 Re8 12. a4 Nxd4 13. exd4 Bc6 14. a5 e5 15.
dxe5 dxe5 16. Nc4 Nd5 17. Bf3 e4 18. Be2 Qg5 19. Qc1 e3 20. f3 Nf4 21. Bxf4
Qxf4 22. Qe1 Bb5  1/2-1/2

[Event "31. DSenEM2019 Gruppe 50+"]
[Site "Radebeul"]
[Date "2019.04.28"]
[Round "3.10"]
[White "Kierzek, Mira"]
[Black "Wenner, Tobias"]
[Result "1/2-1/2"]
[BlackElo "2108"]
[BlackTeam "Sges Bensheim"]
[EventDate "2019.??.??"]
[PlyCount "36"]
[WhiteElo "1978"]
[WhiteTeam "SC Fulda"]

1. d4 Nf6 2. g3 g6 3. Bg2 Bg7 4. Nf3 O-O 5. O-O d6 6. b3 Nc6 7. Bb2 e5 8. dxe5
Ng4 9. c4 Ngxe5 10. Nxe5 Nxe5 11. Nc3 c6 12. Qd2 f5 13. Rad1 Nf7 14. e4 Be6 15.
exf5 Bxf5 16. Ne4 Bxb2 17. Qxb2 Bxe4 18. Bxe4 Qe7  1/2-1/2

[Event "31. DSenEM2019 Gruppe 50+"]
[Site "Radebeul"]
[Date "2019.04.28"]
[Round "3.11"]
[White "Steinert, Frank"]
[Black "Redzepovic, Irfan"]
[Result "0-1"]
[BlackElo "2075"]
[BlackTeam "SW Nürnberg Süd"]
[EventDate "2019.??.??"]
[PlyCount "100"]
[WhiteElo "1960"]
[WhiteTeam "SV Dresden-Leuben"]

1. e4 g6 2. d4 Bg7 3. Be2 c5 4. c3 Qb6 5. dxc5 Qxc5 6. Be3 Qa5 7. Nd2 Nc6 8.
Ngf3 Nf6 9. Nd4 d5 10. f3 O-O 11. O-O Rd8 12. Nxc6 bxc6 13. e5 Ne8 14. f4 f6
15. b4 Qc7 16. Nf3 fxe5 17. Nxe5 Bxe5 18. fxe5 Qxe5 19. Qd2 Qd6 20. Bc5 Qc7 21.
Rf2 Nf6 22. Bd3 Ng4 23. Rf4 e5 24. Rxg4 Bxg4 25. Qg5 Be6 26. Rf1 Re8 27. Rf6
Bf7 28. Bd6 Qb6+ 29. Bc5 Qb7 30. Bf5 Kh8 31. Bg4 Rad8 32. h4 d4 33. Be6 Bxe6
34. Rxe6 Qg7 35. cxd4 exd4 36. Be7 Kg8 37. Bf6 Qd7 38. Rxe8+ Rxe8 39. h5 Qf5
40. Qxf5 gxf5 41. Bxd4 a6 42. Kf2 Re4 43. Bc5 Kf7 44. g3 Ke6 45. Kf3 Kd5 46. a3
a5 47. h6 a4 48. Be3 Kc4 49. Bf4 Kb3 50. g4 Rxf4+  0-1

[Event "31. DSenEM2019 Gruppe 50+"]
[Site "Radebeul"]
[Date "2019.04.28"]
[Round "3.12"]
[White "Noack, Mario"]
[Black "Schober, Ralf"]
[Result "1-0"]
[BlackElo "2070"]
[BlackTeam "SV Sundern"]
[EventDate "2019.??.??"]
[PlyCount "91"]
[WhiteElo "1944"]
[WhiteTeam "SC Großröhrsdorf"]

1. c4 d6 2. g3 e5 3. Bg2 Be7 4. Nc3 f5 5. e3 Nf6 6. Nge2 c6 7. O-O O-O 8. d4 Na6
9. b3 Rb8 10. Ba3 e4 11. h4 h6 12. Nf4 Qa5 13. Bb2 Re8 14. d5 c5 15. Nb5 Ra8
16. Nh5 Qd8 17. Bh3 Rf8 18. Nf4 Nc7 19. Nxc7 Qxc7 20. Ng6 Rf7 21. Nxe7+ Qxe7
22. Kh2 Bd7 23. Qe2 Re8 24. Rae1 g5 25. Rg1 Kh7 26. Ba1 Ref8 27. hxg5 hxg5 28.
Rh1 Kg6 29. Kg1 Rh7 30. Bg2 Ng4 31. f3 Rxh1+ 32. Bxh1 exf3 33. Bxf3 Ne5 34. e4
g4 35. exf5+ Bxf5 36. Bxg4 Bxg4 37. Qxg4+ Nxg4 38. Rxe7 Rf7 39. Re6+ Kf5 40.
Rxd6 Ke4 41. Rg6 Kf3 42. Rg7 Rf8 43. d6 Rd8 44. d7 a6 45. Bc3 b5 46. Ba5  1-0

[Event "31. DSenEM2019 Gruppe 50+"]
[Site "Radebeul"]
[Date "2019.04.28"]
[Round "3.13"]
[White "Wunder, Stefan"]
[Black "Siggelkow, Axel"]
[Result "1/2-1/2"]
[BlackElo "1933"]
[BlackTeam "BSV Chemie Radebeul"]
[EventDate "2019.??.??"]
[PlyCount "89"]
[WhiteElo "2032"]
[WhiteTeam "FC Nordhalben"]

1. Nf3 Nf6 2. g3 b6 3. Bg2 Bb7 4. O-O e6 5. b3 Be7 6. Bb2 O-O 7. c4 c5 8. Qc2
Nc6 9. a3 d6 10. Re1 a6 11. d3 Qc7 12. Nbd2 Rac8 13. Rad1 Rfe8 14. Qb1 Rcd8 15.
e4 e5 16. Nf1 Nd4 17. Bc3 Bf8 18. Ne3 Bc8 19. Rd2 g6 20. Rb2 Bg4 21. Nxg4 Nxg4
22. b4 Rb8 23. Qd1 h5 24. h3 Nf6 25. Qd2 Bg7 26. Reb1 Nd7 27. bxc5 dxc5 28. Nh2
Nf8 29. Nf1 Kh7 30. Ne3 Bh6 31. Bxd4 cxd4 32. Nd5 Bxd2 33. Nxc7 Rec8 34. Nd5
Ba5 35. h4 b5 36. cxb5 axb5 37. Kh2 Bc3 38. Rb3 Rc5 39. Bh3 Kg7 40. Rc1 Ne6 41.
Rcb1 Nc7 42. Nxc7 Rxc7 43. Rxb5 Rxb5 44. Rxb5 Ra7 45. Rb3  1/2-1/2

[Event "31. DSenEM2019 Gruppe 50+"]
[Site "Radebeul"]
[Date "2019.04.28"]
[Round "3.14"]
[White "Bigott, Martin"]
[Black "Pichler, Manfred"]
[Result "1/2-1/2"]
[BlackElo "2017"]
[BlackTeam "USV Halle"]
[EventDate "2019.??.??"]
[PlyCount "57"]
[WhiteElo "1782"]
[WhiteTeam "SF Lohmar"]

1. c4 e5 2. g3 Nf6 3. Bg2 Nc6 4. Nc3 Bc5 5. e3 O-O 6. Nge2 Re8 7. d3 a6 8. O-O
d6 9. a4 Bg4 10. b4 Bb6 11. h3 Be6 12. Kh2 Qc8 13. Nd5 Nd7 14. Nxb6 Nxb6 15.
Bb2 f6 16. Rc1 d5 17. c5 Nd7 18. f4 Bf7 19. Rf2 exf4 20. exf4 Ne7 21. Nd4 c6
22. Qf1 Nf8 23. Re1 Nf5 24. Rxe8 Bxe8 25. Re2 Nxd4 26. Bxd4 Bg6 27. Re3 Qd7 28.
Qe2 Re8 29. Rxe8  1/2-1/2

[Event "31. DSenEM2019 Gruppe 50+"]
[Site "Radebeul"]
[Date "2019.04.28"]
[Round "3.15"]
[White "Noldt, Torsten"]
[Black "Eilmes, Franco"]
[Result "1/2-1/2"]
[BlackElo "1778"]
[BlackTeam "SV Traktor Priestewitz"]
[EventDate "2019.??.??"]
[PlyCount "79"]
[WhiteElo "2013"]
[WhiteTeam "Elmshorner SC"]

1. d4 Nf6 2. Bf4 g6 3. e3 Bg7 4. Nd2 d6 5. Bd3 Na6 6. c3 c5 7. Bxa6 bxa6 8. dxc5
dxc5 9. Qa4+ Qd7 10. Qxd7+ Bxd7 11. e4 Nh5 12. Be3 Rb8 13. Bxc5 Nf4 14. Bxa7
Rxb2 15. Bd4 Bxd4 16. cxd4 Nxg2+ 17. Ke2 Bb5+ 18. Kd1 Nf4 19. a4 Bd3 20. Ngf3
O-O 21. Ne5 Rc8 22. Nxd3 Nxd3 23. Ke2 Nxf2 24. Kxf2 Rxd2+ 25. Ke3 Rcc2 26. Rab1
Rb2 27. h4 Rxb1 28. Rxb1 Ra2 29. Rb4 f6 30. d5 h5 31. Rb7 Kf8 32. Rb8+ Kf7 33.
Rb7 Ke8 34. Rb8+ Kd7 35. Rb7+ Kd8 36. Rb4 g5 37. hxg5 fxg5 38. e5 h4 39. Rg4
Ra3+ 40. Kf2  1/2-1/2

[Event "31. DSenEM2019 Gruppe 50+"]
[Site "Radebeul"]
[Date "2019.04.28"]
[Round "3.16"]
[White "Seils, Ralf"]
[Black "Bohnstorff, Michael"]
[Result "1/2-1/2"]
[BlackElo "2044"]
[BlackTeam "SC Lüneburg"]
[EventDate "2019.??.??"]
[PlyCount "41"]
[WhiteElo "1954"]
[WhiteTeam "SF Nordost Berlin"]

1. b4 d5 2. Bb2 Bf5 3. e3 e6 4. Nf3 Nd7 5. Be2 Ngf6 6. b5 h6 7. O-O Bh7 8. c4
dxc4 9. Bxc4 Nb6 10. Be2 Be7 11. d4 O-O 12. Nbd2 Ne4 13. Nxe4 Bxe4 14. a4 Qd5
15. Ba3 Bxa3 16. Rxa3 Qd6 17. Qb3 Rfc8 18. a5 Nd7 19. Nd2 Bd5 20. Qb2 f5 21.
Rc1  1/2-1/2

[Event "31. DSenEM2019 Gruppe 50+"]
[Site "Radebeul"]
[Date "2019.04.28"]
[Round "3.17"]
[White "Schöttker, Jochen"]
[Black "Steiger, Michael"]
[Result "0-1"]
[BlackElo "1982"]
[BlackTeam "SC Kreuzberg"]
[EventDate "2019.??.??"]
[PlyCount "72"]
[WhiteElo "1896"]
[WhiteTeam "SC Northeim"]

1. Nf3 c5 2. e4 e6 3. d3 d5 4. Nbd2 Nc6 5. g3 Bd6 6. Bg2 Nge7 7. O-O O-O 8. Re1
Qc7 9. c3 Bd7 10. Qc2 f6 11. h4 b5 12. Nf1 d4 13. h5 a5 14. Nh4 Kh8 15. f4 Rad8
16. Nh2 dxc3 17. bxc3 b4 18. Bd2 bxc3 19. Bxc3 Nd4 20. Qd2 Nec6 21. Qd1 Ne7 22.
N4f3 Nec6 23. Nh4 Ne7 24. N2f3 Be8 25. e5 fxe5 26. fxe5 Bxh5 27. exd6 Qxd6 28.
Bxd4 cxd4 29. Qb3 Nd5 30. Kh2 Ne3 31. Qb5 e5 32. Rac1 Rb8 33. Qxe5 Ng4+ 34. Kg1
Nxe5 35. Nxe5 g5 36. Rc6 Qb4  0-1

[Event "31. DSenEM2019 Gruppe 50+"]
[Site "Radebeul"]
[Date "2019.04.28"]
[Round "3.18"]
[White "Kaiser, Sebastian"]
[Black "Gerks, Joachim"]
[Result "1-0"]
[BlackElo "1777"]
[BlackTeam "SK Norderstedt"]
[EventDate "2019.??.??"]
[PlyCount "57"]
[WhiteElo "1920"]
[WhiteTeam "SC Großröhrsdorf"]

1. d4 Nf6 2. Nf3 d6 3. c4 c6 4. Nc3 Qc7 5. h3 e5 6. e4 h6 7. Be3 a6 8. Be2 b5 9.
a3 Be7 10. O-O O-O 11. Rc1 bxc4 12. Bxc4 Nbd7 13. dxe5 Nxe5 14. Nxe5 dxe5 15.
Qc2 Bb7 16. Rfd1 Rfd8 17. Qb3 Rxd1+ 18. Rxd1 Rf8 19. Qb6 Qxb6 20. Bxb6 Rc8 21.
f3 Kf8 22. Na4 Ke8 23. Nc5 Bxc5+ 24. Bxc5 Rc7 25. Bd6 Rd7 26. Bb3 Rxd6 27. Rxd6
Ke7 28. Rd2 Ne8 29. Bxf7  1-0

[Event "31. DSenEM2019 Gruppe 50+"]
[Site "Radebeul"]
[Date "2019.04.28"]
[Round "3.19"]
[White "Valet, Richard"]
[Black "Becker, Michael"]
[Result "1/2-1/2"]
[BlackElo "2272"]
[BlackTeam "USV Halle"]
[EventDate "2019.??.??"]
[PlyCount "91"]
[WhiteElo "2051"]
[WhiteTeam "Greifswalder SV"]

1. e4 c5 2. Nc3 Nc6 3. g3 g6 4. Bg2 Bg7 5. d3 d6 6. f4 e6 7. Nf3 Nge7 8. O-O O-O
9. Be3 Nd4 10. Bf2 Nxf3+ 11. Qxf3 Nc6 12. Rae1 b6 13. g4 Bb7 14. f5 Nd4 15. Qd1
Be5 16. Qd2 exf5 17. gxf5 gxf5 18. Kh1 Kh8 19. Nd5 Bxd5 20. exd5 f4 21. Bxd4
cxd4 22. c3 f5 23. cxd4 Bxd4 24. Qxf4 Be5 25. Qh6 Rc8 26. Rc1 Rxc1 27. Rxc1 Rg8
28. Bh3 Qg5 29. Qxg5 Rxg5 30. Rf1 f4 31. Be6 h6 32. b3 a5 33. h3 Rg3 34. d4
Bxd4 35. Rxf4 Rg1+ 36. Kh2 Rd1 37. Kg2 Rd2+ 38. Kf1 Bc5 39. a4 Kg7 40. Rf3 Kg6
41. Ke1 Rb2 42. Kd1 Kg5 43. Rf5+ Kh4 44. Rf3 Kg5 45. Rf5+ Kh4 46. Rf3  1/2-1/2

[Event "31. DSenEM2019 Gruppe 50+"]
[Site "Radebeul"]
[Date "2019.04.28"]
[Round "3.20"]
[White "Kebbedies, Frank"]
[Black "Müller, Rudolf"]
[Result "1-0"]
[BlackElo "2071"]
[BlackTeam "Karlsruher SF"]
[EventDate "2019.??.??"]
[PlyCount "83"]
[WhiteElo "1740"]
[WhiteTeam "Rastede"]

1. d4 b6 2. e4 e6 3. Bd3 Bb7 4. Qe2 Ne7 5. Nf3 c5 6. c3 g6 7. Bg5 Bg7 8. Nbd2
cxd4 9. Nxd4 O-O 10. O-O d5 11. Rad1 Bxd4 12. cxd4 Nbc6 13. Bf6 h6 14. Qg4 Kh7
15. Qh3 Nxd4 16. Bxd4 dxe4 17. Bxe4 Qxd4 18. Bxb7 Rab8 19. Nf3 Qxb2 20. Rd7 Nf5
21. g4 Nd6 22. Ng5+ Kg8 23. Qxh6 Qh8 24. Qxh8+ Kxh8 25. Ba6 Rbd8 26. Rxa7 Ra8
27. Rxa8 Rxa8 28. Rd1 Rxa6 29. Rxd6 Kg8 30. Rd7 Rxa2 31. Rb7 Ra4 32. h3 f5 33.
gxf5 exf5 34. Rxb6 Kg7 35. Kg2 Kh6 36. Nf7+ Kh5 37. Ne5 Ra7 38. Nxg6 Rg7 39.
Kf3 Kg5 40. Nf4 Rh7 41. Kg3 Rg7 42. h4#  1-0

[Event "31. DSenEM2019 Gruppe 50+"]
[Site "Radebeul"]
[Date "2019.04.28"]
[Round "3.21"]
[White "Pirrot, Dieter"]
[Black "Wulff, Jens-Peter"]
[Result "1-0"]
[BlackElo "1809"]
[BlackTeam "SV Grevesmühlen"]
[EventDate "2019.??.??"]
[PlyCount "89"]
[WhiteElo "2334"]
[WhiteTeam "SV Hofheim"]

1. e4 c6 2. Nc3 g6 3. d4 Bg7 4. Be3 Nh6 5. f3 f6 6. h4 Nf7 7. h5 g5 8. Bc4 e6 9.
d5 b5 10. Bb3 a5 11. a3 a4 12. Ba2 Na6 13. Nge2 Qe7 14. Nd4 b4 15. dxe6 dxe6
16. Nxc6 Qb7 17. Nxb4 Nxb4 18. axb4 Qxb4 19. Qd4 Qa5 20. Bc4 Bd7 21. O-O Ne5
22. Bb3 f5 23. Kh1 O-O 24. exf5 Qc7 25. fxe6 axb3 26. Rxa8 Rxa8 27. exd7 Qc4
28. d8=Q+ Rxd8 29. Qxd8+ Kf7 30. Qd5+ Qxd5 31. Nxd5 bxc2 32. Bxg5 Nd3 33. Bc1
Bd4 34. b4 Ke8 35. b5 Kd7 36. f4 Kd6 37. Ne3 Kc5 38. Nxc2 Bf6 39. g4 Kxb5 40.
g5 Bg7 41. f5 Be5 42. f6 Nxc1 43. Rxc1 h6 44. f7 Bg7 45. Nd4+  1-0

[Event "31. DSenEM2019 Gruppe 50+"]
[Site "Radebeul"]
[Date "2019.04.28"]
[Round "3.22"]
[White "John, Bernd"]
[Black "Lehr, Thomas"]
[Result "1/2-1/2"]
[BlackElo "1902"]
[BlackTeam "Husumer SV"]
[EventDate "2019.??.??"]
[PlyCount "56"]
[WhiteElo "1796"]
[WhiteTeam "SC Sonthofen"]

1. d4 Nf6 2. Bf4 c5 3. d5 d6 4. Nc3 e5 5. Bg5 Be7 6. e4 O-O 7. h3 a6 8. a4 Nxd5
9. Nxd5 Bxg5 10. Nf3 Be7 11. Bc4 Be6 12. O-O Nc6 13. c3 Rb8 14. Qe2 Re8 15.
Rfd1 Bf8 16. Rd2 Na5 17. Ba2 b5 18. b4 cxb4 19. cxb4 Nc6 20. axb5 axb5 21. Ne3
Qf6 22. Bd5 Nxb4 23. Rb1 Nxd5 24. Nxd5 Bxd5 25. Rxd5 b4 26. Rb5 Rec8 27. R5xb4
Rxb4 28. Rxb4 d5  1/2-1/2

[Event "31. DSenEM2019 Gruppe 50+"]
[Site "Radebeul"]
[Date "2019.04.28"]
[Round "3.23"]
[White "Sand, Rosemarie"]
[Black "Weser, Dietmar"]
[Result "1-0"]
[BlackElo "1566"]
[BlackTeam "SV Traktor Priestewitz"]
[EventDate "2019.??.??"]
[PlyCount "123"]
[WhiteElo "1819"]
[WhiteTeam "SF Pfullingen"]

1. d4 d5 2. c4 c6 3. Nf3 e6 4. Qc2 Nf6 5. g3 Be7 6. Bg2 O-O 7. O-O Nbd7 8. Nbd2
b5 9. cxb5 cxb5 10. b3 Bb7 11. Bb2 Rc8 12. Qd1 Ba8 13. Rc1 a6 14. Rxc8 Qxc8 15.
Qb1 Qd8 16. Rc1 Qb8 17. Qc2 h6 18. Qc7 Bd6 19. Qxb8 Rxb8 20. h3 b4 21. Ne1 a5
22. Nd3 Ne4 23. Nf1 Nef6 24. Ne3 Rd8 25. Bf3 Kh8 26. Ng4 Nxg4 27. Bxg4 Kg8 28.
e3 g6 29. Be2 Rb8 30. Bf1 Kh7 31. Bg2 Kg8 32. Kf1 Bb7 33. Ke1 Rc8 34. Rxc8+
Bxc8 35. Kd2 Bb7 36. f4 Kf8 37. Ne5 Nxe5 38. dxe5 Bc5 39. Bf1 Ke7 40. Bb5 Kd8
41. h4 Ke7 42. Kd3 h5 43. Bd4 Bxd4 44. Kxd4 f6 45. Bd3 f5 46. Kc5 Kd7 47. Kb5
Kc7 48. Kxa5 Bc8 49. Kxb4 Kb6 50. a4 d4 51. exd4 Bb7 52. a5+ Kc7 53. Kc5 Bf3
54. b4 Be4 55. Bc4 g5 56. Bxe6 gxh4 57. gxh4 Bd3 58. d5 Be4 59. d6+ Kb8 60. Kb6
Bb7 61. d7 Bd5 62. d8=Q#  1-0